LEADER 01117nam a2200253 i 4500 001 000000104050 003 CaOOAMICUS 005 20260409120444.0 008 130828s1981 it u000 u mul u 040 $aSeMil$bita 245 10$aInglese-italiano, italiano-inglese /$crealizzato dal Centro Lessicografico Sansoni, sotto la direzione di Vladimiro Macchi. 250 $a2. Ed., riveduta e ampliata. 264 1$aFirenze :$bSansoni,$c1984. 300 $a1818 p. ;$c25 cm. 490 1 $aDizionari Sansoni 650 4$aLingua inglese - Dizionari, vocabolari, glossari, etc.$0(OLS)http://semarc/subject/335 700 1 $aMacchi, Vladimiro.$0(OLS)http://semarc/name/1017 700 1 $aCentro Lessicografico Sansoni .$0(OLS)http://semarc/name/13549 830 0$aDizionari Sansoni.$0(OLS)http://semarc/title/40357 850 $aSeMil 852 $aSeMil$W1$xVenegono$y1$mSL1.A IV 10$j269951$B60495$CSeMilBibl$Z2$F44958 $8I 996 $6245$aInglese-italiano, italiano-inglese$9(OLS)http://semarc/title/150957 996 $6264$aFirenze :$bSansoni$9(OLS)http://semarc/publisher/29843